000 00627nam a2200229Ia 4500
003 OSt
005 20221007075229.0
006 a|||||r|||| 00| 0
007 ta
008 221006b |||||||| |||| 00| 0 eng d
024 _a14,059
037 _cTextual
040 _aFLL
_cFLL
_beng
041 _2eng
_aeng
082 _aX:275OaZ1(Y:4), M3
100 _aJain S.C. Au.
245 0 _aNationalization of foreign property
260 _aNew Delhi
_bDeep and deep publications India
_c1983
300 _a298p
_ccm.
942 _hX:275OaZ1(Y:4), M3
_cTEXL
_2CC
999 _c1155269
_d1155269